Land- und Stadtkreise an der französischen Grenze - Statistiken

Allgemein
  • Dieses Quiz wurde 11 mal gespielt
  • Das Durchschnittsergebnis liegt bei 7 aus 13
Antwortstatistiken
Hinweis Antwort % Korrekt
--- Saarbrücken
80%
Bruchsal Karlsruhe
70%
--- Lörrach
70%
--- Rastatt
60%
Bad Krozingen Breisgau-Hochschwarzwald
50%
--- Emmendingen
50%
--- Germersheim
50%
--- Merzig-Wadern
50%
Offenburg Ortenau
50%
--- Saarlouis
50%
Homburg Saarpfalz
50%
Herxheim Südliche Weinstraße
50%
Rodalben Südwestpfalz
50%
Keine übereinstimmenden Quizze gefunden
Verteilung der Resultate
Anzahl Personen mit jedem Resultat
Perzentil nach korrekt beantworteten Fragen
Ihre Resultats-Entwicklung
Sie haben dieses Quiz noch nicht gespielt